000 00594nam a2200241Ia 4500
005 20260306150838.0
008 008 260114s9999 xx 000 0 eng d
020 _a9783954870257
037 _aEbook
040 _aCRL
040 _beng
040 _cCRL
041 _2eng
041 _aeng
084 _qCRL
245 0 _aPoesía lírica y progreso tecnológico (1868-1939)
260 _bVervuert Verlagsgesellschaft
260 _c2003
650 _aLiterary Studies
856 _uhttps://www.degruyter.com/isbn/9783954870257
942 _cEBOOK
999 _c1700117
_d1700117